| 000 | 00356nam a2200145Ia 4500 | ||
|---|---|---|---|
| 008 | 230917s9999||||xx |||||||||||||| ||und|| | ||
| 040 |
_e116619 _aMAIN |
||
| 041 | _aEnglish | ||
| 082 | _a005.432 A67U | ||
| 100 | _aArora, Ashok | ||
| 245 | 0 | _aUnix and C programming | |
| 260 |
_aNew Delhi _bFirewall Media _c2005 |
||
| 300 | _axxiv, 558 p. | ||
| 942 | _cBK | ||
| 999 |
_c146084 _d146084 |
||